Catálogo - Centro de Recursos para el Aprendizaje y la Investigación

Volver al Sitio - CRAI Biblioteca

El derecho dúctil : (Registro nro. 114445)

Detalles MARC
000 -CABECERA
campo de control de longitud fija 01047nam a2200277 a 4500
001 - NÚMERO DE CONTROL
campo de control 114445
003 - IDENTIFICADOR DEL NÚMERO DE CONTROL
campo de control DR-UNIBE
005 - FECHA Y HORA DE LA ÚLTIMA TRANSACCIÓN
campo de control 20260402062604.0
008 - DATOS DE LONGITUD FIJA--INFORMACIÓN GENERAL
campo de control de longitud fija 961203s1995 sp b 000 0 spa
020 ## - NÚMERO INTERNACIONAL ESTÁNDAR DEL LIBRO
Número Internacional Estándar del Libro 8481640719
Información calificativa Trotta
020 ## - NÚMERO INTERNACIONAL ESTÁNDAR DEL LIBRO
Número Internacional Estándar del Libro 8445111094
Información calificativa Comunidad de Madrid
020 ## - NÚMERO INTERNACIONAL ESTÁNDAR DEL LIBRO
Número Internacional Estándar del Libro 9788481640717
Información calificativa (Trotta)
020 ## - NÚMERO INTERNACIONAL ESTÁNDAR DEL LIBRO
Número Internacional Estándar del Libro 9788445111093
Información calificativa (Comunidad de Madrid)
040 ## - FUENTE DE LA CATALOGACIÓN
Centro catalogador/agencia de origen DLC
Centro/agencia transcriptor DLC
Normas de descripción rda
082 00 - NÚMERO DE LA CLASIFICACIÓN DECIMAL DEWEY
Número de clasificación 342 Z18d
100 ## - ENTRADA PRINCIPAL--NOMBRE DE PERSONA
Nombre de persona Zagrebelsky, Gustavo,
Fechas asociadas al nombre 1943-
Término indicativo de función/relación autor
9 (RLIN) 22993
245 13 - MENCIÓN DE TÍTULO
Título El derecho dúctil :
Resto del título ley, derechos, justicia /
Mención de responsabilidad, etc. Gustavo Zagrebelsky ; traducción de Marina Gascón ; epílogo de Gregorio Peces-Barba.
260 ## - PUBLICACIÓN, DISTRIBUCIÓN, ETC.
Lugar de publicación, distribución, etc. Madrid :
Nombre del editor, distribuidor, etc. Editorial Trotta :
-- Comunidad de Madrid, Consejería de Educación y Cultura,
Fecha de publicación, distribución, etc. c1995.
300 ## - DESCRIPCIÓN FÍSICA
Extensión 156 páginas
490 ## - MENCIÓN DE SERIE
Mención de serie Colección estructuras y procesos. Serie derecho
504 ## - NOTA DE BIBLIOGRAFÍA, ETC.
Nota de bibliografía, etc. Includes bibliographical references.
650 #0 - PUNTO DE ACCESO ADICIONAL DE MATERIA--TÉRMINO DE MATERIA
Término de materia o nombre geográfico como elemento de entrada Derecho constitucional
9 (RLIN) 203200
Fuente del encabezamiento o término lemb
650 #0 - PUNTO DE ACCESO ADICIONAL DE MATERIA--TÉRMINO DE MATERIA
Término de materia o nombre geográfico como elemento de entrada Derechos civiles
9 (RLIN) 203201
Fuente del encabezamiento o término lemb
650 #0 - PUNTO DE ACCESO ADICIONAL DE MATERIA--TÉRMINO DE MATERIA
Término de materia o nombre geográfico como elemento de entrada Justicia
9 (RLIN) 203202
Fuente del encabezamiento o término lemb
942 ## - ELEMENTOS DE PUNTO DE ACCESO ADICIONAL (KOHA)
Fuente del sistema de clasificación o colocación Sistema de Clasificación Decimal Dewey
Tipo de ítem Koha Libro (general)
Existencias
Estado de retiro Estado de pérdida Fuente del sistema de clasificación o colocación No para préstamo Código de colección Localización permanente Ubicación/localización actual Fecha de adquisición Total de préstamos Signatura topográfica completa Código de barras Fecha visto por última vez Número de copia Precio válido a partir de Tipo de ítem Koha
  Disponible Sistema de Clasificación Decimal Dewey   General Biblioteca Central UNIBE Biblioteca Central UNIBE 01/01/2026   342 Z18d 260148 19/03/2026 Ej. 1 19/03/2026 Libro (general)